000 00459nam a22001697a 4500
003 UA-OsUOA
001 18269
007 ta
008 20040426b un ||||| |||| 00| 0 ukr d
942 _cSA
040 _aUA-OsUOA
_cUA-OsUOA
_dUA-OsUOA
245 _aКращі роботодавці 2003 року
300 _aС.3
955 _a0
773 0 _w0
_tВісті Рівненщини
_dРівне
_d2004
_g№33/7 квіт./
650 7 _aЗайнятість
_2UDC
999 _c304440
_d304440